| 000 | 00575nam a2200205 a 4500 | ||
|---|---|---|---|
| 005 | 20210223120536.0 | ||
| 008 | 991125s1985 mx 000 0 spa u | ||
| 020 | _a9688373052 | ||
| 035 | _aUPN01000003140 | ||
| 049 | _aCG | ||
| 050 | 4 |
_aQH506 _bA5.3 1985 |
|
| 245 | 0 | 0 |
_aAntología de biología molecular / _ced. y recapitulación Mario Castañeda. |
| 250 | _a2a ed. | ||
| 260 |
_aMéxico : _bUNAM, _c1985. |
||
| 300 | _a274 p. | ||
| 440 | 0 |
_aLecturas universitarias ; _v18 |
|
| 650 | 4 |
_aBIOLOGIA MOLECULAR _94945 |
|
| 700 | 1 |
_aCastañeda, Mario, _ecomp. |
|
| 905 | _aLibro | ||
| 999 |
_c3140 _d3140 |
||